000 00466nam a2200205Ia 4500
005 20250425162642.0
008 250425s9999 xx 000 0 und d
020 _a0195513681
041 _aeng
043 _asi
082 _a592.09235
245 0 _aINVERTEBRATE ZOOLOGY
250 _a2 ED
260 _aSingapur
_bOXFORD UNIVERSITY PRESS
_c2001
300 _a476
650 _aINVERTEBRADOS
650 _aINVERTEBRADOS
942 _c01
010 _a94105
999 _c233633
_d233633